Statystyki dla Prawdziwe Imiona Gwiazd

Kliknij tutaj aby rozwiązać quiz!

Ogólne statystyki

  • Ten quiz został rozwiązany 179 razy
  • Średni wynik to 2 z 8

Statystyki odpowiedzi

PodpowiedzOdpowiedz% Poprawnych
Robyn Rihanna FentyRihanna
92%
Stefani Joanne Angelina GermanottaLady Gaga
60%
Katheryn Elizabeth HudsonKaty Perry
43%
Norma Jeane MortensonMarylin Monroe
20%
Allan Stewart KonigsbergWoody Allen
11%
Peter Gene Bayot HernandezBruno Mars
9%
Amethyst Amelia KellyIggy Azalea
5%
Terry Gene BolleaHulk Hogan
4%

Rozkład punktacji

Percentyl według liczby udzielonych odpowiedzi

Procent ludzi z każdym wynikiem

Twoja historia wyników

Nie rozwiązałeś tego quizu